| 000 | 00372nam a2200133Ia 4500 | ||
|---|---|---|---|
| 008 | 231129s9999||||xx |||||||||||||| ||spa|| | ||
| 020 | _a958-614-214-0 | ||
| 040 | _bspa | ||
| 082 | _a194 B493e | ||
| 100 | _aBergson Henri | ||
| 245 | 0 | _aLa evolucion creadora | |
| 264 | _aBogotá (Colombia): Planeta-De Agostini | ||
| 942 |
_2ddc _cBKS |
||
| 999 |
_c17068 _d17068 |
||